| 000 | 01067nam a2200217 i 4500 | ||
|---|---|---|---|
| 001 | 153963 | ||
| 003 | ES-MaACL | ||
| 005 | 20250930063132.0 | ||
| 008 | 931025s1848 sp |||| | spa d | ||
| 100 | 1 |
_aEspinosa, Alonso de, _c(O.P.) _9126967 |
|
| 245 | 1 | 0 |
_aDel origen y milagros de N.S. de Candelaria que apareció en la isla de Tenerife, con la descripción de esta isla / _ccompuesto por el P Fr. Alonso de Espinosa de la orden de Predicadores, y predicador de ella. |
| 260 |
_aSanta Cruz de Tenerife : _b[s.n.], _c1848 ( _fImp. y Librería Isleña, Reg. Miguel Miranda) |
||
| 300 |
_aXIV, 95, [3] p. ; _c21 cm. |
||
| 530 | _aDisponible en formato digital. | ||
| 595 | 1 | _aReimpresión basada en la ed. de: Sevilla, 1594. | |
| 650 | 4 |
_aVirgen de Candelaria. _9157869 |
|
| 651 | 4 |
_aTenerife- _xHistoria. _9157870 |
|
| 852 |
_aES-MaACL _jG-11538(6) _z-- Enc. hol. _q-- Falto de la cub. original _z-- Enc. en un vol. facticio |
||
| 856 |
_uhttp://bdh-rd.bne.es/viewer.vm?id=0000000435&page=1 _zBiblioteca Digital Hispánica |
||
| 999 |
_c153963 _d153963 |
||